The Nalanda Chronicles / (Record no. 37516)

MARC details
000 -LEADER
fixed length control field 00676nam a22002057a 4500
005 - DATE AND TIME OF LATEST TRANSACTION
control field 20100724115719.0
010 ## - LCCN (DPL NO)
LC control number ENG-96502
020 ## - INTERNATIONAL STANDARD BOOK NUMBER
International Standard Book Number 9789380032542
Terms of availability 150.00
020 ## - INTERNATIONAL STANDARD BOOK NUMBER
International Standard Book Number 9789380032542
Terms of availability 150.00
035 ## - SYSTEM CONTROL NUMBER
System control number EN-80035
037 ## - SOURCE OF ACQUISITION
Source of stock number/acquisition DBAD/PUB
082 ## - DEWEY DECIMAL CLASSIFICATION NUMBER
Classification number N
100 ## - MAIN ENTRY--PERSONAL NAME
Personal name Kalpish Ratna
245 ## - TITLE STATEMENT
Title The Nalanda Chronicles /
Statement of responsibility, etc by Kalpish Ratna
260 ## - PUBLICATION, DISTRIBUTION, ETC. (IMPRINT)
Place of publication, distribution, etc Chennai
Name of publisher, distributor, etc Tranquebar
Date of publication, distribution, etc 2009
270 ## - ADDRESS
Address 571, poonamallee High Road, Kamaraj Bhavan, Aminijikarai
City Chennai
300 ## - PHYSICAL DESCRIPTION
Extent 134p.
Dimensions 18cm (pbk)
942 ## - ADDED ENTRY ELEMENTS (KOHA)
Source of classification or shelving scheme Dewey Decimal Classification
Item type English Books
Classification part N
Call number suffix KAL
Holdings
Withdrawn status Lost status Not for loan Collection code Home library Current library Date acquired Source of acquisition Cost, normal purchase price Full call number Barcode Copy number Cost, replacement price Koha item type
    Not For Loan Fiction D.B.Act.Division D.B.Act.Division 24/07/2010 DBAD/PUB 150.00 N KAL EN-80035 1 150.00 English Books

© Delhi Public Library
Hit Counter
free hit counter